| 000 | 00614cam a2200205 a 4500 | ||
|---|---|---|---|
| 001 | 000010564 | ||
| 005 | 20200929162241.0 | ||
| 008 | 940411s1993 ve 000 p spa | ||
| 020 | _a9800107878 | ||
| 040 |
_aDO-SdBNP _bspa _cBNPHU |
||
| 082 |
_aVe861.44 _bP197b |
||
| 100 | 1 |
_aPantin, Yolanda, _d1954- _925630 |
|
| 245 | 1 | 4 |
_aLos bajos sentimientos / _cYolanda Pantin. |
| 260 |
_aCaracas, Venezuela : _bMonte Avila Latinoamericana, _c1993. |
||
| 300 |
_a67 p. ; _c20 cm. |
||
| 490 | 1 | _aAltazor | |
| 650 | 4 |
_aPoesía venezolana _94230 |
|
| 650 | 4 |
_aLiteratura venezolana _93816 |
|
| 650 | 4 |
_aPasión _xNovela _925631 |
|
| 999 |
_c10322 _d10322 |
||